[Event "British Columbia-ch U20"]
[Site "Vancouver"]
[Date "2018.11.12"]
[Round "4.6"]
[White "Chung, Alec"]
[Black "Su, Ethan"]
[Result "1-0"]
[WhiteElo "1807"]
[BlackElo "1471"]
[PlyCount "59"]
[EventDate "2018.11.10"]
[EventType "swiss"]
[EventRounds "5"]
[EventCountry "CAN"]
[SourceTitle "EXT 2022"]
[Source "ChessBase"]
[SourceDate "2021.10.06"]
[SourceVersion "1"]
[SourceVersionDate "2021.10.06"]
[SourceQuality "1"]

1. c4 Nf6 2. Nc3 g6 3. e4 d6 4. g3 Bg7 5. Bg2 c5 6. Nge2 Nc6 7. d3 0-0 8. h3 a6 9. Be3 Rb8 10. a4 e6 11. Rb1 Nb4 12. Qd2 Re8 13. 0-0 Bd7 14. f4 e5 15. f5 b5 16. axb5 axb5 17. g4 Na6 18. cxb5 Bxb5 19. Nxb5 Rxb5 20. Ng3 d5 21. fxg6 fxg6 22. Bh6 dxe4 23. Nxe4 Nxe4 24. Bxe4 Qb6 25. Bd5+ Kh8 26. Bxg7+ Kxg7 27. Rf7+ Kh8 28. Qh6 c4+ 29. Kh1 Rxd5 30. Qg7# 1-0

[Event "Vancouver Intermat"]
[Site "Vancouver"]
[Date "2018.05.05"]
[Round "1.19"]
[White "Chung, Alec"]
[Black "Farny, Andreas"]
[Result "1-0"]
[WhiteElo "1872"]
[BlackElo "1928"]
[PlyCount "63"]
[EventDate "2018.05.05"]
[EventType "tourn"]
[EventRounds "2"]
[EventCountry "CAN"]
[SourceTitle "EXT 2022"]
[Source "ChessBase"]
[SourceDate "2021.10.06"]
[SourceVersion "1"]
[SourceVersionDate "2021.10.06"]
[SourceQuality "1"]

1. c4 c5 2. Nc3 Nc6 3. g3 g6 4. Bg2 Bg7 5. e4 d6 6. Nge2 e6 7. d3 Nge7 8. Be3 0-0 9. Qd2 f5 10. 0-0 Rf7 11. Rab1 Rb8 12. a3 a6 13. b4 b6 14. d4 cxd4 15. Nxd4 Ne5 16. Qe2 Qc7 17. exf5 gxf5 18. Rfc1 Qxc4 19. Qd1 Ng4 20. Nce2 Nxe3 21. fxe3 Qa2 22. Ra1 Qb2 23. Rc2 Qxa1 24. Qxa1 e5 25. Nc6 Nxc6 26. Rxc6 Rd7 27. Qc1 Rd8 28. Bd5+ Kf8 29. Rc7 Bd7 30. e4 fxe4 31. Qf1+ Ke7 32. Qf7# 1-0

[Event "CAN-ch U14"]
[Site "Sault Ste Marie"]
[Date "2017.07.09"]
[Round "6.32"]
[White "Chung, Alec"]
[Black "Vettese, Nicholas"]
[Result "0-1"]
[WhiteElo "1799"]
[BlackElo "2234"]
[PlyCount "106"]
[EventDate "2017.07.06"]
[EventType "swiss"]
[EventRounds "7"]
[EventCountry "CAN"]
[SourceTitle "EXT 2022"]
[Source "ChessBase"]
[SourceDate "2021.10.06"]
[SourceVersion "1"]
[SourceVersionDate "2021.10.06"]
[SourceQuality "1"]

1. c4 Nf6 2. Nc3 d5 3. d4 g6 4. Nf3 Bg7 5. Bf4 0-0 6. e3 c6 7. Qb3 Qa5 8. Be2 dxc4 9. Bxc4 b5 10. Be2 Be6 11. Qc2 b4 12. Nd1 Bf5 13. Qc5 Qxc5 14. dxc5 Nbd7 15. Ne5 Nxe5 16. Bxe5 Nd7 17. Bxg7 Kxg7 18. g4 Be6 19. Bf3 Ne5 20. Be2 Nxg4 21. a3 a5 22. f4 Bd5 23. Rf1 Nf6 24. Nf2 Nd7 25. e4 Be6 26. Nd3 Bc4 27. Ne5 Bxe2 28. Kxe2 Nxe5 29. fxe5 Rab8 30. a4 b3 31. Rfd1 Rfd8 32. Rd3 Rxd3 33. Kxd3 Rb4 34. Kc3 g5 35. Rd1 Rxe4 36. Rd7 Rxe5 37. Kd4 Re2 38. Rc7 Rd2+ 39. Kc4 Rc2+ 40. Kxb3 Rxc5 41. Rxe7 h5 42. Ka3 g4 43. Re3 f5 44. b4 f4 45. Rd3 axb4+ 46. Kxb4 Rf5 47. a5 f3 48. a6 f2 49. a7 Rf8 50. Rd1 h4 51. Rf1 g3 52. hxg3 hxg3 53. Kc4 Ra8 0-1

[Event "British Columbia-ch U20"]
[Site "Richmond"]
[Date "2016.11.13"]
[Round "5.5"]
[White "Chung, Alec"]
[Black "Qu, Leo"]
[Result "0-1"]
[WhiteElo "1702"]
[BlackElo "1846"]
[PlyCount "130"]
[EventDate "2016.11.11"]
[EventType "swiss"]
[EventRounds "5"]
[EventCountry "CAN"]
[SourceTitle "EXT 2022"]
[Source "ChessBase"]
[SourceDate "2021.10.06"]
[SourceVersion "1"]
[SourceVersionDate "2021.10.06"]
[SourceQuality "1"]

1. c4 e6 2. Nc3 f5 3. g3 Nf6 4. Bg2 Be7 5. e3 0-0 6. Nge2 d6 7. 0-0 c6 8. d4 Qe8 9. Rb1 e5 10. b4 b6 11. Bb2 e4 12. d5 Bb7 13. Nf4 Qd7 14. a3 Rc8 15. Rc1 c5 16. b5 g5 17. Ne6 g4 18. h3 h5 19. h4 Qe8 20. Ne2 Nbd7 21. Ng5 Nh7 22. Ne6 Bf6 23. Bxf6 Nhxf6 24. N2f4 Kf7 25. Ra1 Ne5 26. Qc2 Ke7 27. Ng7 Qd7 28. Nfe6 Nxd5 29. cxd5 Bxd5 30. Nf4 Bc4 31. Rfd1 Bxb5 32. Bxe4 fxe4 33. Qxe4 Bc6 34. Ng6+ Kd8 35. Nxe5 Bxe4 36. Nxd7 Kxd7 37. Nxh5 Kc6 38. a4 d5 39. Nf4 Rd8 40. Rac1 Rd6 41. Ne2 a6 42. Rd2 b5 43. Nc3 Bf3 44. Rb2 b4 45. Na2 a5 46. Nxb4+ axb4 47. Rxb4 c4 48. Kf1 Kd7 49. Ke1 Rda6 50. Rcb1 Rxa4 51. Rb7+ Ke6 52. R1b6+ Kf5 53. e4+ Kxe4 54. Re7+ Kd4 55. Reb7 Ra2 56. h5 Re2+ 57. Kf1 Raa2 58. h6 Rxf2+ 59. Kg1 Rh2 60. Rb2 Ra1+ 61. Rb1 Rh1+ 62. Kf2 Raxb1 63. Rxb1 Rxb1 64. h7 Rh1 65. h8N Rxh8 0-1

[Event "CAN-ch U14"]
[Site "Windsor"]
[Date "2016.07.06"]
[Round "2.29"]
[White "Liu, Daniel1111"]
[Black "Chung, Alec"]
[Result "1-0"]
[WhiteElo "1970"]
[BlackElo "1653"]
[PlyCount "91"]
[EventDate "2016.07.05"]
[EventType "swiss"]
[EventRounds "7"]
[EventCountry "CAN"]
[SourceTitle "EXT 2022"]
[Source "ChessBase"]
[SourceDate "2021.10.06"]
[SourceVersion "1"]
[SourceVersionDate "2021.10.06"]
[SourceQuality "1"]

1. e4 c5 2. Nf3 d6 3. d4 cxd4 4. Nxd4 Nf6 5. Nc3 a6 6. g3 e5 7. Nb3 Be6 8. Bg2 Be7 9. 0-0 0-0 10. h3 Nbd7 11. Nd5 Nxd5 12. exd5 Bf5 13. Be3 Rc8 14. Rc1 Bg5 15. Qe2 b5 16. Kh2 Nb6 17. Na5 Bxe3 18. Nc6 Rxc6 19. fxe3 Rxc2 20. Rxc2 Bxc2 21. Qxc2 Nc4 22. Qf2 Qg5 23. Re1 Kh8 24. b3 Nb6 25. e4 Nd7 26. Qa7 Nc5 27. b4 Nd3 28. Rf1 Kg8 29. Qxa6 Nxb4 30. Qxb5 Nxa2 31. Qb2 Rc8 32. Qxa2 h6 33. Qf2 Rc7 34. h4 Qg4 35. Rb1 Qc8 36. Qb6 Rc2 37. Qb8 Qxb8 38. Rxb8+ Kh7 39. Rd8 f5 40. exf5 e4 41. Rxd6 e3 42. Re6 e2 43. Kh3 Rd2 44. Bf3 Rd3 45. Kg2 Rd2 46. Rxe2 1-0

[Event "CAN-ch U14"]
[Site "Windsor"]
[Date "2016.07.05"]
[Round "1.41"]
[White "Chung, Alec"]
[Black "Zaid, Shahmeer"]
[Result "1-0"]
[WhiteElo "1653"]
[BlackElo "745"]
[PlyCount "47"]
[EventDate "2016.07.05"]
[EventType "swiss"]
[EventRounds "7"]
[EventCountry "CAN"]
[SourceTitle "EXT 2022"]
[Source "ChessBase"]
[SourceDate "2021.10.06"]
[SourceVersion "1"]
[SourceVersionDate "2021.10.06"]
[SourceQuality "1"]

1. c4 Nc6 2. Nc3 e5 3. g3 f5 4. Bg2 Bc5 5. e3 Nf6 6. Nge2 d6 7. 0-0 Be6 8. d4 exd4 9. exd4 Bb4 10. d5 Bxc3 11. Nxc3 Bxd5 12. cxd5 Ne7 13. Ne2 c6 14. Nf4 Qa5 15. Bd2 Qb5 16. Ne6 Rc8 17. Qb3 Qxb3 18. axb3 a6 19. dxc6 Nxc6 20. Nxg7+ Kf8 21. Nxf5 b6 22. Bh6+ Kg8 23. Bxc6 Rxc6 24. Ne7+ 1-0

[Event "CAN-ch U12"]
[Site "Windsor"]
[Date "2015.07.07"]
[Round "2.63"]
[White "Eirew, Milo"]
[Black "Chung, Alec"]
[Result "0-1"]
[WhiteElo "709"]
[BlackElo "1741"]
[PlyCount "142"]
[EventDate "2015.07.06"]
[EventType "swiss"]
[EventRounds "7"]
[EventCountry "CAN"]
[SourceTitle "EXT 2022"]
[Source "ChessBase"]
[SourceDate "2021.10.06"]
[SourceVersion "1"]
[SourceVersionDate "2021.10.06"]
[SourceQuality "1"]

1. e4 c5 2. c3 Nf6 3. d3 d6 4. Nf3 Nc6 5. Nbd2 g6 6. d4 cxd4 7. Nxd4 Bg7 8. Bb5 Bd7 9. 0-0 Qb6 10. Bxc6 bxc6 11. Qe2 c5 12. N4f3 0-0 13. Nc4 Qb7 14. Re1 Bb5 15. Nfd2 Rad8 16. b3 Rfe8 17. a4 Bc6 18. Na5 Qa8 19. Nxc6 Qxc6 20. Bb2 d5 21. e5 Nd7 22. c4 d4 23. e6 Nf8 24. exf7+ Kxf7 25. Qf3+ Qxf3 26. Nxf3 e5 27. Ng5+ Kg8 28. Rad1 h6 29. Ne4 Nd7 30. Ba3 Bf8 31. Rd3 Be7 32. Rb1 Kg7 33. b4 cxb4 34. Bxb4 Rb8 35. Rdb3 Bxb4 36. Rxb4 Rxb4 37. Rxb4 Rb8 38. Rxb8 Nxb8 39. Kf1 Kf7 40. Ke2 Ke6 41. Kd3 Nd7 42. f3 a5 43. Kc2 g5 44. Kb3 Nb8 45. Nc5+ Kd6 46. Nb7+ Kc7 47. Nxa5 Kb6 48. Kc2 Kxa5 49. Kd3 Kxa4 50. g3 Kb3 51. f4 Kb4 52. fxe5 Kc5 53. e6 Nc6 54. h3 Ne7 55. h4 Nc6 56. hxg5 hxg5 57. g4 Ne7 58. Kd2 Kxc4 59. Kc2 Kd5 60. Kd3 Ke5 61. Kc4 Ke4 62. Kb3 d3 63. Kb2 Ke3 64. Kc1 Ke2 65. Kb2 d2 66. Kc3 d1Q 67. Kc4 Qd6 68. Kb5 Qc6+ 69. Ka5 Nd5 70. e7 Qb6+ 71. Ka4 Qb4# 0-1